书目信息 |
| 题名: |
浅层地热系统
|
|
| 作者: | ;赵红霞 , 韩吉田 , 赵红华 译 ;德国地质学会 , 德国岩土工程学会 主编 | |
| 分册: | ||
| 出版信息: | 北京 中国建筑工业出版社 2022.04 |
|
| 页数: | XIII, 271页 | |
| 开本: | 21cm | |
| 丛书名: | ||
| 单 册: | ||
| 中图分类: | TK529 | |
| 科图分类: | ||
| 主题词: | 地热能--di re neng--浅层开采--研究 | |
| 电子资源: | ||
| ISBN: | 978-7-112-26357-8 | |
| 000 | 01794nam0 2200313 450 | |
| 001 | 24976 | |
| 005 | 20220918141043.78 | |
| 010 | @a978-7-112-26357-8@dCNY40.00 | |
| 100 | @a20220607d2022 em y0chiy50 ea | |
| 101 | 1 | @achi@cger |
| 102 | @aCN@b110000 | |
| 105 | @aa a 000yy | |
| 200 | 1 | @a浅层地热系统@Aqian ceng di re xi tong@e设计、建造、运行和监测@d= Shallow geothermal systems@erecommendations on design, constrution, operation and monitoring@f德国地质学会, 德国岩土工程学会主编@g赵红华, 赵红霞, 韩吉田译@zeng |
| 210 | @a北京@c中国建筑工业出版社@d2022.04 | |
| 215 | @aXIII, 271页@c图@d21cm | |
| 306 | @a由John Wiley &Sons, Inc.公司授予出版 | |
| 314 | @a赵红华, 大连理工大学运载工程与力学学部工程力学系副教授/博士生导师。赵红霞, 博士, 山东大学能源与动力工程学院教授/硕士生导师。韩吉田, 山东大学能源与动力工程学院教授/博士生导师。山东节能协会常务理事。 | |
| 320 | @a有书目 (第230-240页) | |
| 330 | @a本书全面系统地介绍了德国浅层地热系统的设计、监造、运行和监测的相关建议, 这些建议对我国浅层地热能的利用具有重要的借鉴意义。总结了浅层地热技术发展的最新水平。在利用浅层地热系统时, 一方面要合理的利用地热而不严重影响地面或者地下水, 另一方面也不影响系统运行和附近的建筑。文中讲述了在设计、建造、运行和监测期间如何使用新技术, 以便在特定地点实现对地热能的最佳和可持续利用。 | |
| 510 | 1 | @aShallow geothermal systems@erecommendations on design, constrution, operation and monitoring@zeng |
| 606 | 0 | @a地热能@Adi re neng@x浅层开采@x研究 |
| 690 | @aTK529@v5 | |
| 702 | 0 | @a赵红霞@Azhao hong xia@4译 |
| 702 | 0 | @a韩吉田@Ahan ji tian@4译 |
| 702 | 0 | @a赵红华@Azhao hong hua@4译 |
| 711 | 02 | @a德国地质学会@Ade guo di zhi xue hui@4主编 |
| 711 | 02 | @a德国岩土工程学会@Ade guo yan tu gong cheng xue hui@4主编 |
| 801 | 0 | @aCN@c20220910 |
| 905 | @a河南城建学院图书馆@dTK529@eZ300@f2 | |
| 浅层地热系统:设计、建造、运行和监测= Shallow geothermal systems:recommendations on design, constrution, operation and monitoring/德国地质学会, 德国岩土工程学会主编/赵红华, 赵红霞, 韩吉田译.-北京:中国建筑工业出版社,2022.04 |
| XIII, 271页:图;21cm |
| ISBN 978-7-112-26357-8:CNY40.00 |
| 本书全面系统地介绍了德国浅层地热系统的设计、监造、运行和监测的相关建议, 这些建议对我国浅层地热能的利用具有重要的借鉴意义。总结了浅层地热技术发展的最新水平。在利用浅层地热系统时, 一方面要合理的利用地热而不严重影响地面或者地下水, 另一方面也不影响系统运行和附近的建筑。文中讲述了在设计、建造、运行和监测期间如何使用新技术, 以便在特定地点实现对地热能的最佳和可持续利用。 |
| ● |
| 相关链接 |
|
|
|
正题名:浅层地热系统
索取号:TK529/Z300
 
预约/预借
| 序号 | 登录号 | 条形码 | 馆藏地/架位号 | 状态 | 备注 |
| 1 | 1575567 | 215755671 | 自科库501/501自科库 136排7列4层/ [索取号:TK529/Z300] | 在馆 | |
| 2 | 1575568 | 215755680 | 自科库501/501自科库 136排7列4层/ [索取号:TK529/Z300] | 在馆 |